000 00440nam a2200145 4500
999 _c10519
_d10519
008 180904b ||||| |||| 00| 0 eng d
022 _a2094-8042
082 _aDPer 370.105 M72 Jan-Dec 2011 v59-60
100 _930860
_aBalintec, Joel Q.
245 _aKaibigan/
_cJoel Q. Balintec.
260 _aPhilippines:
_bIn the Grade School, Inc.,
_cc2011.
300 _av60 n2, page 82;
_c27cm.
650 0 _930861
_aPoetry.
942 _2ddc
_cPER